Countries with Nuclear Weapons - Sudden Death - Statistics

General Stats
  • This quiz has been taken 2,238 times
  • The average score is 6 of 8
Answers on the Grid
Answers color-coded by a green-red scale on the quiz's grid according to % correct below.
China
France
United States
India
Russia
United Kingdom
North Korea
Pakistan
Ukraine
South Africa
Kazakhstan
Australia
Egypt
Iran
Afghanistan
Germany
 
Answer Stats
Answer % Correct
United States
85%
Russia
84%
China
77%
North Korea
76%
United Kingdom
73%
France
72%
India
69%
Pakistan
66%
No matching quizzes found
Score Distribution
Percent of People with Each Score
Percentile by Number Answered
Your Score History
You have not taken this quiz